000 00452nam a2200169Ia 4500
005 20250611122254.0
008 008 250505s9999 xx 000 0 eng d
020 _a9789390735617
040 _beng
_cILCL
041 _aeng
_2eng
100 _aBhowal, Rituraj
245 0 _aArtificial Intelligence and Law
250 _a1
260 _aPrayagraj
_bCentral Law Publications
_c2023
300 _axxiii,276p.
942 _cTB
_2Colon Classification
999 _c1312279
_d1312279